Central Library OPAC University of Rajshahi

Essential WordStar, with MailMerge and SpellStar / (Record no. 65977)

MARC details
000 -LEADER
fixed length control field 00716nam a2200241 a 4500
001 - CONTROL NUMBER
control field 65977
003 - CONTROL NUMBER IDENTIFIER
rucl marc code BD-RjUL
005 - DATE AND TIME OF LATEST TRANSACTION
control field 20211209081504.0
008 - FIXED-LENGTH DATA ELEMENTS--GENERAL INFORMATION
fixed length control field 170313s1985 caua 001 0 eng
020 ## - INTERNATIONAL STANDARD BOOK NUMBER
International Standard Book Number 0534049508 (pbk.) :
Terms of availability $9.75
035 ## - SYSTEM CONTROL NUMBER
System control number (BD-RjUL)66107
040 ## - CATALOGING SOURCE
Original cataloging agency DLC
Transcribing agency DLC
Modifying agency BD-RjUL
Language of cataloging eng
041 ## - LANGUAGE CODE
Language code of text/sound track or separate title eng
082 00 - DEWEY DECIMAL CLASSIFICATION NUMBER
Classification number 652.5
Edition number 23
Author mark and year BRE 1985
100 1# - MAIN ENTRY--PERSONAL NAME
Personal name Brown, Carl,
Dates associated with a name 1946-
9 (RLIN) 195148
245 10 - TITLE STATEMENT
Title Essential WordStar, with MailMerge and SpellStar /
Statement of responsibility, etc. Carl Brown.
260 ## - PUBLICATION, DISTRIBUTION, ETC. (IMPRINT)
Place of publication, distribution, etc. Monterey, Calif. :
Name of publisher, distributor, etc. Brooks/Cole Pub. Co.,
Date of publication, distribution, etc. c1985.
300 ## - PHYSICAL DESCRIPTION
Pagination xiv, 128 p. :
Illustrations ill. ;
Size 23 cm.
490 1# - SERIES STATEMENT
Series statement The Essential series
500 ## - GENERAL NOTE
General note Includes indexes.
650 #0 - SUBJECT ADDED ENTRY--TOPICAL TERM
Topical term or geographic name as entry element Word processing.
9 (RLIN) 182181
942 ## - ADDED ENTRY ELEMENTS (KOHA)
Source of classification or shelving scheme Dewey Decimal Classification
Koha item type Books
Holdings
Lost status Source of classification or shelving scheme Damaged status Not for loan Collection code Permanent Location Current Location Shelving location Date acquired Source of acquisition Total Checkouts Full call number Date last seen Copy number Koha item type
  Dewey Decimal Classification   Not For Loan Non-fiction Central Library, University of Rajshahi Central Library, University of Rajshahi Reading Room 21/09/1992 Asia Foundation   652.5 BRE 1985 13/03/2017 C-1 Books